Vista normal
Vista MARC
Entrada Nombre personal
Número de registros utilizados en: 3
001 - NÚMERO DE CONTROL
- campo de control: 88183
003 - IDENTIFICADOR DEL NÚMERO DE CONTROL
- campo de control: DO-SdBNP
005 - FECHA Y HORA DE LA ÚLTIMA TRANSACCIÓN
- campo de control: 20260528100121.0
008 - DATOS DE LONGITUD FIJA
- campo de control de longitud fija: 250625|| aca||aabn | a|a d
040 ## - FUENTE DE LA CATALOGACIÓN
- Centro catalogador/agencia de origen: DO-SdBNP
- Centro/agencia transcriptor: DO-SdBNP
100 ## - ENCABEZAMIENTO-NOMBRE DE PERSONA
- Nombre de persona: Febrillet, Johan
400 ## - TRAZADO DE VÉASE--NOMBRE DE PERSONA
- Nombre de persona: Febrillet P., Johan Faphet
670 ## - FUENTE DE DATOS ENCONTRADOS
- Cita de la fuente: Work cat.: (DO-SdBNP)58915: Febrillet, Johan autor aut., Los 10 mandamientos del sector inmobiliario /
